000
00296nam a2200133Ia 4500
005
20251222144846.0
008
251222s9999||||xx |||||||||||||| ||spa||
020
_a
84-254-1780-5
082
_a
234/W47
100
_a
Werbick,Jürgen
245
0
_a
Soteriología
264
_b
Herder
942
_c
LIB
999
_c
21431
_d
21431